000 004090000a22001570004500
041 0 _aSPA
082 0 4 _aG 265 F9812d
245 1 0 _aDecentemente y con orden
260 _a[S.L] : FELIRE (ver Fundación Editorial de Literatura Reformada)
300 _a63 Pag
001 7135
942 _cBK
999 _c37361
_d37361
336 _atexto
_btxt
_2rdacontent
337 _2rdamedia
_asin mediación
_bn
338 _2rdacarrier
_avolumen
_bnc